LEADER 04127nam 2200769 450 001 9910466351403321 005 20200520144314.0 010 $a3-11-043064-9 010 $a3-11-043072-X 024 7 $a10.1515/9783110430646 035 $a(CKB)3710000000609727 035 $a(EBL)4426439 035 $a(SSID)ssj0001624590 035 $a(PQKBManifestationID)16361854 035 $a(PQKBTitleCode)TC0001624590 035 $a(PQKBWorkID)14813989 035 $a(PQKB)10870853 035 $a(MiAaPQ)EBC4426439 035 $a(DE-B1597)453348 035 $a(OCoLC)1002233239 035 $a(OCoLC)1004868590 035 $a(OCoLC)1011439229 035 $a(OCoLC)979585687 035 $a(OCoLC)982875352 035 $a(OCoLC)992453977 035 $a(OCoLC)999355428 035 $a(DE-B1597)9783110430646 035 $a(Au-PeEL)EBL4426439 035 $a(CaPaEBR)ebr11163739 035 $a(CaONFJC)MIL900975 035 $a(OCoLC)945612115 035 $a(EXLCZ)993710000000609727 100 $a20160315h20162016 uy 0 101 0 $ager 135 $aur|n|---||||| 181 $ctxt 182 $cc 183 $acr 200 10$aDiskurse des alter(n)s $eo?ffentliches sprechen u?ber alter in der Bundesrepublik Deutschland /$fCarolin Kru?ger 210 1$aBerlin, [Germany] ;$aBoston, [Massachusetts] :$cDe Gruyter,$d2016. 210 4$d©2016 215 $a1 online resource (550 p.) 225 1 $aDiskursmuster =$aDiscourse Patterns ;$vBand 11 300 $aDescription based upon print version of record. 311 $a3-11-043065-7 311 $a3-11-043929-8 320 $aIncludes bibliographical references and index. 327 $tFrontmatter -- $tInhaltsverzeichnis -- $t1. Einleitung -- $tI: Theoretischer Teil -- $t2. Theoretische Grundlegung und Methodik -- $t3. Der Forschungsstand: Alter, Sprache und Diskurse -- $tII: Empirischer Teil -- $t4. Das Untersuchungskorpus -- $t5. Der Teildiskurs "Pflege" -- $t6. Der Teildiskurs "Zielgruppe" -- $t7. Der Teildiskurs "Generation" -- $t8. Der Alter(n)sdiskurs - Kontinuitäten und Brüche: Zusammenschau der Ergebnisse -- $t9. Schluss -- $t10. Literaturverzeichnis -- $t11. Abbildungsverzeichnis -- $t12. Tabellenverzeichnis -- $t13. Abkürzungsverzeichnis -- $t14. Register 330 $aDer so genannte "demografische Wandel" hat sich in den vergangenen Jahren zu einem breit diskutierten Thema entwickelt. Der augenfälligste Aspekt dieses Wandels, die veränderte Altersstruktur der deutschen Bevölkerung, wird besonders massenmedial thematisiert. Bezüglich dieser massenmedialen Diskurse existieren bisher lediglich pauschale Urteile und punktuelle Eindrücke. Insbesondere der Anteil, den die Sprache an der Konstruktion öffentlicher Bilder von Alter(n) hat, ist bislang nicht systematisch untersucht worden. Die vorliegende Arbeit verfolgt das Ziel, massenmediale, nicht-wissenschaftliche Diskurse zum Thema "Alter(n)" über mehrere Dekaden (1950er bis einschließlich 2000er Jahre) diskurslinguistisch zu analysieren, um festzustellen, inwiefern sie sich angesichts des Wandels von sozio-ökonomischen und demographischen Rahmenbedingungen verändern. Gleichzeitig werden auch Alter(n)sbilder im Sinne kollektiver Deutungsmuster und ihre sprachliche Konstruktion untersucht. In der vorliegenden Arbeit wird erstmals diskurslinguistische Methodik auf den öffentlichen Altersdiskurs angewendet. Die diskursiven Kontinuitäten und Brüche des öffentlichen Sprechens und damit der sprachlichen Konstruktion von Alter werden herausgearbeitet. 410 0$aDiskursmuster ;$vBand 11. 606 $aDiscourse analysis$zGermany 606 $aOlder people$zGermany 606 $aOld age$zGermany 608 $aElectronic books. 615 0$aDiscourse analysis 615 0$aOlder people 615 0$aOld age 676 $a305.260943 686 $aCQ 7000$2rvk 700 $aKru?ger$b Carolin$f1984-$01049543 801 0$bMiAaPQ 801 1$bMiAaPQ 801 2$bMiAaPQ 906 $aBOOK 912 $a9910466351403321 996 $aDiskurse des alter(n)s$92478630 997 $aUNINA LEADER 04618nam 22006975 450 001 9911009340003321 005 20250808141410.0 010 $a3-031-90026-X 024 7 $a10.1007/978-3-031-90026-6 035 $a(CKB)39239603700041 035 $a(MiAaPQ)EBC32151011 035 $a(Au-PeEL)EBL32151011 035 $a(DE-He213)978-3-031-90026-6 035 $a(OCoLC)1524888310 035 $a(EXLCZ)9939239603700041 100 $a20250610d2025 u| 0 101 0 $aeng 135 $aur||||||||||| 181 $ctxt$2rdacontent 182 $cc$2rdamedia 183 $acr$2rdacarrier 200 10$aAgentic AI $eTheories and Practices /$fedited by Ken Huang 205 $a1st ed. 2025. 210 1$aCham :$cSpringer Nature Switzerland :$cImprint: Springer,$d2025. 215 $a1 online resource (430 pages) 225 1 $aProgress in IS,$x2196-8713 311 08$a3-031-90025-1 327 $aThe Genesis and Evolution of AI Agents -- AI Agent Tools and Frameworks -- AI Agent Ecosystem - Multi-Agent Coordination -- AI Agent Economics -- AI Agents and Business Workflow -- AI Agents in Offensive Security -- AI Agents in Cyber Defense -- AI Agents in Banking -- AI Agents in Insurance -- AI Agents in Healthcare Practices -- AI Agents in Robotics -- AI Agent Safety and Security Considerations. 330 $aThis book analyzes the rise and transformative impact of generative AI agents or Agentic AI across industries, offering a comprehensive exploration of their development, applications, and implications. It highlights how these systems are revolutionizing business processes, enhancing decision-making, and reshaping entire sectors from finance to healthcare. It traces the evolution of AI agents from early programs to today?s sophisticated autonomous systems, providing a taxonomy of agent types. It then explores cutting-edge tools and frameworks for development, such as AutoGen, Langgraph, and CrewAI, offering practical insights for their deployment. Key focus areas include evaluating multiagent systems and coordination techniques, addressing challenges in communication, and conflict resolution. The book presents case studies from banking, insurance, healthcare, and cybersecurity, showcasing how autonomous agents are automating tasks and driving innovation. In turn, the book provides in-depth analyses of Agentic AI in emerging fields like gene editing, robotics, and business process automation, demonstrating its potential to accelerate scientific research and value creation. The discussion extends to economic ramifications, examining impacts on macroeconomic trends, microeconomic dynamics within businesses, and the emergence of decentralized, token-based economies. Throughout, thought-provoking questions encourage readers to consider the broader implications of these technological advances. The work concludes with a critical examination of related safety and security considerations, emphasizing the need for proactive measures. Maintaining a forward-looking perspective, it prompts readers to consider how these technologies might reshape industries and society, raising important questions about the changing nature of work, ethical aspects, and equitable distribution of benefits. Bridging theoretical foundations and practical applications, the book offers valuable insights for data scientists, IT managers, CIOs, CAIOs, CTOs, business analysts, and graduate students seeking to understand and apply AI?s transformative potential across various industries. 410 0$aProgress in IS,$x2196-8713 606 $aBusiness information services 606 $aArtificial intelligence 606 $aInformation technology$xManagement 606 $aBig data 606 $aMultiagent systems 606 $aIT in Business 606 $aArtificial Intelligence 606 $aBusiness IT Infrastructure 606 $aBig Data 606 $aEnterprise Architecture 606 $aMultiagent Systems 615 0$aBusiness information services. 615 0$aArtificial intelligence. 615 0$aInformation technology$xManagement. 615 0$aBig data. 615 0$aMultiagent systems. 615 14$aIT in Business. 615 24$aArtificial Intelligence. 615 24$aBusiness IT Infrastructure. 615 24$aBig Data. 615 24$aEnterprise Architecture. 615 24$aMultiagent Systems. 676 $a658.05 700 $aHuang$b Ken$01736274 801 0$bMiAaPQ 801 1$bMiAaPQ 801 2$bMiAaPQ 906 $aBOOK 912 $a9911009340003321 996 $aAgentic AI$94393576 997 $aUNINA